000 00583nam a2200181Ia 4500
008 100921s9999 xx 000 0 und d
082 _b28653
_a891.463 थ 93
100 _aमेहता शशीकला.
245 _aझुबेदा.
260 _bशांती प्रकाशन,पुणे.
_c1993
300 _a294
_bअमृत साहित्य
365 _b110
520 _aललित-कादंबरी.
630 _aझुबेदा.
650 _aललित-कादंबरी.
730 _aझुबेदा.
942 _cBOOK
999 _c777766
_d777763